Decisiones matrimoniales eclesiásticas: efectos canónicos en los esposos y en los hijos

Saved in:
Bibliographic Details
Main Author: García López, Ramón (Author)
Format: Book
Language:Spanish
Published: Pamplona EUNSA 1979
Series:Canónica
Subjects:
Tags: Add Tag
No Tags, Be the first to tag this record!

MARC

LEADER 00000nam a2200000 a 4500
001 UCV2859
003 CL-VaPUC
008 921209e19790000SP |||||||||||||||||spa|d
082 0 4 |a 262.933  |b GAR  |2 21 
100 0 |a García López, Ramón  |e author  |9 297141 
245 1 0 |a Decisiones matrimoniales eclesiásticas: efectos canónicos en los esposos y en los hijos 
300 |a 475 p 
942 |c BK 
945 |d 19921209 00:00:00 
260 |a Pamplona  |b EUNSA  |c 1979 
650 7 |a MATRIMONIO DERECHO CANONICO  |2 CL-VaPUC  |9 297142 
583 |a last modification  |c 20161205 04:55:28  |k Rodrigo Vera 
490 0 |a Canónica 
999 |c 210327  |d 210325 
952 |0 0  |1 0  |4 0  |6 262_933000000000000_GAR_1979  |7 0  |8 A  |9 186471  |a BIBDER  |b BIBDER  |d 2019-11-14  |i 2539535  |o 262.933 GAR 1979  |p 2539535  |r 2023-01-25  |w 2019-11-14  |y BK  |k DER